000 00429nam a2200169Ia 4500
003 GCL
008 140319s9999 xx 000 0 eng d
040 _aGCL /
_cGCL
082 0 4 _a635.7
_bB T
100 1 _aBUCBANAN, RITA
245 1 0 _aTAYLOR'S GUIDE TO HERBS /
_cBUCBANAN, RITA
260 _a[S.N] :
_bHOUGHTON MIFFLIN COMPANY ،
_c1995
300 _a453 P
650 0 4 _aHERB GARDENING
650 0 4 _aHERBS
942 _2ddc
_cBK
999 _c10378
_d10378